Armonía de los mundos /
Guardado en:
| Autor Principal: | |
|---|---|
| Formato: | |
| Series: | Cosmos. Edición especial
|
| Materias: | |
| Etiquetas: |
Agregar Etiqueta
Sin Etiquetas, Sea el primero en etiquetar este registro!
|
| LEADER | 01097ngm a22003015g 4500 | ||
|---|---|---|---|
| 001 | CEM.cems021812 | ||
| 008 | 130507b1995##################0###0#####d | ||
| 005 | 20240913170447.0 | ||
| 245 | 1 | 0 | |a Armonía de los mundos / |c Carl Sagan. |
| 300 | |a 27 | ||
| 490 | 0 | |a Cosmos. Edición especial | |
| 500 | |a En soporte VHS, consultar en ventanilla. | ||
| 505 | 0 | |a Astronomía y astrología: relación histórica. Constelaciones. La biblioteca de Alejandría. Teorías de Ptolomeo, Keppler, Brahe: leyes matemáticas y concepciones del sistema planetario. Orbitas. Otros científicos. Planetas. | |
| 538 | |a Soporte: VHS - Norma: Pal N - Color - Grabación DRD 1995 - Hitachi=2560 | ||
| 100 | 1 | |a Sagan, Carl. | |
| 082 | 5 | 2 | |/ SAG-1 |
| 653 | |a ASTRONOMIA | ||
| 653 | |a ASTROLOGIA | ||
| 653 | |a CONSTELACION | ||
| 653 | |a ESTRELLA KEPPLER | ||
| 653 | |a BIBLIOTECA DE ALEJANDRIA | ||
| 653 | |a COSMOS | ||
| 653 | |a PTOLOMEO | ||
| 653 | |a ORBITA | ||
| 653 | |a PLANETA | ||
| 653 | |a CIENTIFICO | ||
| 653 | |a NIVEL SECUNDARIO | ||
| 859 | |a CEMS |b BIB. CEMS - Depto. Recursos Didacticos |h 520 |i SAG-1 |k DRD |p 455.12 |t Ej.1 | ||
